El misterio de la ratonera asesina / (Registro nro. 11821)

Detalles MARC
000 -LEADER
fixed length control field 00773nam a22002657a 4500
001 - CONTROL NUMBER
control field 000648
003 - CONTROL NUMBER IDENTIFIER
control field DO-SdBNP
005 - DATE AND TIME OF LATEST TRANSACTION
control field 20180209090033.0
007 - PHYSICAL DESCRIPTION FIXED FIELD--GENERAL INFORMATION
fixed length control field 000648
008 - FIXED-LENGTH DATA ELEMENTS--GENERAL INFORMATION
fixed length control field 161107b 1990 sp a ||||| |||| 00| 0 spa d
020 ## - INTERNATIONAL STANDARD BOOK NUMBER
International Standard Book Number 8426319203
040 ## - CATALOGING SOURCE
Original cataloging agency BPMSU
Language of cataloging spa
Transcribing agency BPMSU
100 1# - MAIN ENTRY--PERSONAL NAME
Personal name Cabal, Ulises
245 10 - TITLE STATEMENT
Title El misterio de la ratonera asesina /
Statement of responsibility, etc. Ulises Cabal ; ilustrado por Alfonso Sánchez Pardo.
250 ## - EDITION STATEMENT
Edition statement
260 ## - PUBLICATION, DISTRIBUTION, ETC. (IMPRINT)
Place of publication, distribution, etc. Zaragoza :
Name of publisher, distributor, etc. Edelvives,
Date of publication, distribution, etc. 1990.
300 ## - PHYSICAL DESCRIPTION
Extent 153 p. :
Other physical details il. ;
Dimensions 18 cm.
490 1# - SERIES STATEMENT
Series statement Ala delta
Volume/sequential designation 113
500 ## - GENERAL NOTE
General note Apartir de los 11 años
700 12 - ADDED ENTRY--PERSONAL NAME
Personal name Sánchez Pardo, Alfonso,
Relator term il.
830 #0 - SERIES ADDED ENTRY--UNIFORM TITLE
Uniform title Ala delta ;
Volume number/sequential designation 113
942 ## - ADDED ENTRY ELEMENTS (KOHA)
Source of classification or shelving scheme Dewey Decimal Classification
Koha item type Libros
945 ## - LOCAL PROCESSING INFORMATION (OCLC)
a Inventariado, 2018 /LP
956 ## - LOCAL ELECTRONIC LOCATION AND ACCESS (OCLC)
Host name LOPEREZ
Access number 10
Compression information 20161107
Processor of request BPMSU
Existencias
Withdrawn status Lost status Source of classification or shelving scheme Damaged status Not for loan Collection code Home library Current library Date acquired Source of acquisition Total Checkouts Barcode Date last seen Price effective from Koha item type
    Dewey Decimal Classification     Colección Infantil General Biblioteca Pública Metropolitana Salomé Ureña Biblioteca Pública Metropolitana Salomé Ureña 11/07/2016 FUNDI   BPMSU16110141 11/07/2016 11/07/2016 Libros